000
00287nam a22001337a 4500
003
SGT
082
_a
616.5
_b
R15M
100
_a
MARKS, RONALD
245
_a
ROX BURGH'S COMMON SKIN DISEASES
260
_a
LONDON
_b
CRC
_c
2015
300
_a
365
650
_a
DERMATOLOGY
942
_2
ddc
_c
BK
999
_c
14622
_d
14622